How to measure employees’ social commitment? Proposal for a multidimensional measurement scale (notice n° 2040673)
[ vue normale ]
| 000 -LEADER | |
|---|---|
| fixed length control field | 02293cam a2200193 4500500 |
| 005 - DATE AND TIME OF LATEST TRANSACTION | |
| control field | 20260405000754.0 |
| 041 ## - LANGUAGE CODE | |
| Language code of text/sound track or separate title | fre |
| 042 ## - AUTHENTICATION CODE | |
| Authentication code | dc |
| 100 10 - MAIN ENTRY--PERSONAL NAME | |
| Personal name | Arbi, Safa |
| Relator term | author |
| 245 00 - TITLE STATEMENT | |
| Title | How to measure employees’ social commitment? Proposal for a multidimensional measurement scale |
| 260 ## - PUBLICATION, DISTRIBUTION, ETC. | |
| Date of publication, distribution, etc. | 2026.<br/> |
| 500 ## - GENERAL NOTE | |
| General note | 39 |
| 520 ## - SUMMARY, ETC. | |
| Summary, etc. | Although employees play a key role in implementing corporate social responsibility (CSR) initiatives, existing research still mainly focuses on their perceptions rather than assessing their actual level of commitment. This study aims to address this gap by developing a multidimensional scale that measures employees’ social commitment through affective, continuance, and normative components. The originality of this work lies in adapting these three dimensions to the CSR context in order to provide a deeper understanding of the motivational dynamics that shape employees’ adherence to social initiatives. The development of the scale was followed by an empirical validation conducted with 172 Tunisian companies operating in the industrial and service sectors. An exploratory factor analysis first identified the construct’s underlying structure, which was subsequently confirmed by a confirmatory factor analysis demonstrating its statistical robustness and internal consistency. The findings show that the scale clearly distinguishes the three forms of commitment and offers a reliable instrument for capturing the mechanisms underpinning employees’ social commitment. The study provides theoretical and methodological contributions by proposing an integrated analytical framework, as well as managerial implications for improving the deployment of CSR initiatives, particularly in complex organizational settings such as multi-actor supply chains. |
| 700 10 - ADDED ENTRY--PERSONAL NAME | |
| Personal name | Chanut, Véronique |
| Relator term | author |
| 700 10 - ADDED ENTRY--PERSONAL NAME | |
| Personal name | Zeribi Ben-Slimane, Olfa |
| Relator term | author |
| 700 10 - ADDED ENTRY--PERSONAL NAME | |
| Personal name | Moriez, David Christophe |
| Relator term | author |
| 786 0# - DATA SOURCE ENTRY | |
| Note | Revue internationale de psychosociologie et de gestion des comportements organisationnels - RIPCO | XXXII | 1 | 2026-03-04 | p. 31-57 | 2262-8401 |
| 856 41 - ELECTRONIC LOCATION AND ACCESS | |
| Uniform Resource Identifier | <a href="https://shs.cairn.info/journal-revue-internationale-de-psychosociologie-et-de-gestion-des-comportements-organisationnels-ripco-2026-1-page-31?lang=en&redirect-ssocas=7080">https://shs.cairn.info/journal-revue-internationale-de-psychosociologie-et-de-gestion-des-comportements-organisationnels-ripco-2026-1-page-31?lang=en&redirect-ssocas=7080</a> |
Pas d'exemplaire disponible.




Réseaux sociaux